| 000 | 00375 a2200169 4500 | ||
|---|---|---|---|
| 001 | 187645 | ||
| 020 | _a85-08-06891-3 | ||
| 040 | _cMagnum | ||
| 100 | _aZach, Cheryl | ||
| 240 | 1 | 0 |
_aA garota dos meus sonhos _lpor |
| 245 | 1 | 0 | _aA garota dos meus sonhos |
| 300 | _a167 | ||
| 362 | 0 | _a1998 | |
| 440 | 1 | _aÁtica | |
| 697 | _aLITERATURA JUVENIL ESTRANGEIRA | ||
| 942 | _cBK | ||
| 999 |
_c187645 _d187645 |
||